Výrobní funkce v řízení hospodárnosti podniku materiál ke cvičení

Enregistré dans:
Détails bibliographiques
Auteur principal: Janout, Jiří
Collectivité auteur: Vysoká škola ekonomická v Praze. Fakulta řízení
Autres auteurs: Janhuba, Miloslav
Format: Livre
Langue:tchèque
Publié: Praha Státní pedagogické nakladatelství 1985
Tags: Ajouter un tag
Pas de tags, Soyez le premier à ajouter un tag!

MARC

LEADER 00000nam a2200000 4500
001 c108824
005 20190204092655.4
041 0 |a cze 
044 |a CZ 
245 1 0 |a Výrobní funkce v řízení hospodárnosti podniku  |b materiál ke cvičení  |c Jiří Janout, Miloslav Janhuba 
264 1 |a Praha  |b Státní pedagogické nakladatelství  |c 1985 
300 |a 67 s. 
100 1 |a Janout, Jiří 
700 1 |a Janhuba, Miloslav 
710 2 |a Vysoká škola ekonomická v Praze. Fakulta řízení